000 00625nam a2200169 i 4500
001 70397
003 ES-MaACL
005 20230906170816.0
007 t|
008 040723s1980 sp ||||1| spa d
100 1 _aGarcía Santesmases, José.
_955272
245 1 0 _aCibernética
_b: aspectos y tendencias actuales /
_ccurso dirigido por José García Santesmases.
260 _aMadrid :
_bReal Academia de Ciencias Exactas, Físicas y Naturales,
_c1980.
300 _a185 p. :
_bil. ;
_c24 cm.
710 2 _aReal Academia de Ciencias Exactas, Físicas y Naturales de España.
_9175635
852 _aES-MaACL
_jG-8429
_bR.100639
999 _c70397
_d70397